| 000 | 00747nam a2200241Ia 4500 | ||
|---|---|---|---|
| 003 | OSt | ||
| 005 | 20220926011251.0 | ||
| 006 | a|||||r|||| 00| 0 | ||
| 007 | ta | ||
| 008 | 220923b |||||||| |||| 00| 0 eng d | ||
| 037 | _cGeneral Book | ||
| 040 |
_aRTL _cRTL _beng |
||
| 041 |
_2eng _aeng |
||
| 082 | _aY72:3(X:51), K5;2 | ||
| 100 |
_aBelshaw Cyril S _924167 |
||
| 245 | 0 | _aTraditional excahnge and modern markets | |
| 260 |
_aNew Jersey _bPrentice-Hall _c1965 |
||
| 300 |
_aviii, 149p. _ccm. |
||
| 490 | _aModernization of traditional societies Ed by Wilbert E Moore and Neil J Smelser | ||
| 650 |
_aTribes _940733 |
||
| 942 |
_hY72:3(X:51), K5;2 _cGB _2CC |
||
| 999 |
_c619521 _d619521 |
||